Mao Tse-Tung / (Record no. 34852)
[ view plain ]
| 000 -CABECERA | |
|---|---|
| campo de control de longitud fija | 00808nam a2200229 a 4500 |
| 001 - NÚMERO DE CONTROL | |
| campo de control | 000035361 |
| 005 - FECHA Y HORA DE LA ÚLTIMA TRANSACCIÓN | |
| campo de control | 20200930074303.0 |
| 008 - DATOS DE LONGITUD FIJA--INFORMACIÓN GENERAL | |
| campo de control de longitud fija | 111028s1972 sp a 000 pdspa d |
| 020 ## - NÚMERO INTERNACIONAL ESTÁNDAR DEL LIBRO | |
| Número Internacional Estándar del Libro | 8433430157 |
| 040 ## - FUENTE DE LA CATALOGACIÓN | |
| Centro catalogador/agencia de origen | DO-SdBNP |
| Lengua de catalogación | spa |
| Centro/agencia transcriptor | BNPHU |
| 041 17 - CÓDIGO DE LENGUA | |
| Código de lengua del texto/banda sonora o título independiente | spachi |
| Código de lengua original | chispa |
| 100 1# - ENTRADA PRINCIPAL--NOMBRE DE PERSONA | |
| Nombre de persona | Moravia, Alberto, |
| Fechas asociadas al nombre | 1907-1990 |
| 9 (RLIN) | 61155 |
| 245 10 - MENCIÓN DE TÍTULO | |
| Título | Mao Tse-Tung / |
| Mención de responsabilidad, etc. | Alberto Moravia y Girolamo Mancuso ; traducción José Palao. |
| 260 ## - PUBLICACIÓN, DISTRIBUCIÓN, ETC. | |
| Lugar de publicación, distribución, etc. | Madrid : |
| Nombre del editor, distribuidor, etc. | Ediciones Júcar, |
| Fecha de publicación, distribución, etc. | 1972. |
| 300 ## - DESCRIPCIÓN FÍSICA | |
| Extensión | 187, [8] p. : |
| Otras características físicas | il., fot. bl. y n. ; |
| Dimensiones | 18 cm. |
| 490 0# - MENCIÓN DE SERIE | |
| Mención de serie | Colección Los Poetas ; |
| Designación de volumen o secuencia | 15 |
| 500 ## - NOTA GENERAL | |
| Nota general | Poemas en español y en chino |
| 600 14 - PUNTO DE ACCESO ADICIONAL DE MATERIA--NOMBRE DE PERSONA | |
| Nombre de persona | MAO, TSE-TUNG |
| Fechas asociadas al nombre | 1893-1976 |
| Subdivisión general | OBRA POÉTICA |
| 9 (RLIN) | 61156 |
| 700 1# - PUNTO DE ACCESO ADICIONAL--NOMBRE DE PERSONA | |
| Nombre de persona | Mancuso, Girolamo, |
| Fechas asociadas al nombre | 1935- |
| 9 (RLIN) | 61157 |
| 700 1# - PUNTO DE ACCESO ADICIONAL--NOMBRE DE PERSONA | |
| Nombre de persona | Palao, José, |
| Término indicativo de función/relación | trad. |
| 9 (RLIN) | 61158 |
| 830 #0 - PUNTO DE ACCESO ADICIONAL DE SERIE-TÍTULO UNIFORME | |
| Título uniforme | Colección Los Poetas ; |
| Número de parte o sección de la obra | 15 |
| 9 (RLIN) | 61159 |
| Estado de retiro | Estado de pérdida | Restricciones de uso | No para préstamo | Código de colección | Localización permanente | Ubicación/localización actual | Ubicación en estantería | Fecha de adquisición | Número de inventario | Total de préstamos | Signatura topográfica completa | Código de barras | Fecha visto por última vez | Precio válido a partir de | Tipo de ítem Koha | Nota pública |
|---|---|---|---|---|---|---|---|---|---|---|---|---|---|---|---|---|
| Monografías: Libros y Folletos | General | General | Orden iniciada | 28.10.2011 | LF1 | 35361-10 | 25.06.2020 | 25.06.2020 | No se presta | Biblioteca Juan Isidro Jiménes Grullón |
